Majlis Penutupan Rasmi Kursus-Kursus di bawah PKTM pada 21/10/94 oleh KPP [video recording]

Bibliographic Details
Format: Book
Published: Bangi : Inspens , 1994
Subjects:

MARC

LEADER 00000cam a2200000 7i4500
001 0000005031
005 20061204.0
040 |a INS 
090 0 0 |a 542 
245 0 0 |a Majlis Penutupan Rasmi Kursus-Kursus di bawah PKTM pada 21/10/94 oleh KPP [video recording] 
260 |a Bangi :   |b Inspens ,   |c 1994 
300 |a 1 Video cassete (VHS)(0:45) :   |b sd.,col. ;   |c 1/2 in. 
650 0 0 |a Employment   |x training of 
999 |a VHS542   |b VIDEO   |c Media Collection   |e Default branch